Obálka Náhled e-knihy:
PDF Epub
Pro půjčování e-knih musíte být přihlášeni.
Jak si půjčit online?

Kočičí válečníci : síla tří. Zatmění slunce /

Další díl fantasy řady, kde hlavními hrdiny jsou divoké kočky ze čtyř klanů.

Uloženo v:
Série:Kočičí válečníci: Síla tří, část 4
Hlavní autor: Hunter, Erin (Autor)
Další autoři: Krenželoková, Beata, 1995- (Autor)
Médium: E-kniha
Jazyk:Czech
Vydáno: V Praze : Albatros, 2024
Vydání:1. vydání
Témata:
Příbuzné jednotky:Přeloženo z: Warriors: Power of three
Z cyklu:: Kočičí válečníci: Síla tří
Tagy:
Žádné tagy
LEADER 02725nam a2200577 i 4500
001 312590
003 CZ PrSKC
005 20260601215725.0
007 ta
008 241127s2024 xr c 000 f cze
015 |a cnb003645147 
020 |a 9788000075624  |q (brožováno) :  |c Kč 349,00 
035 |a (OCoLC)1483793255 
040 |a ABG001  |b cze  |e rda 
041 1 |a cze  |h eng 
072 7 |a 821.111-3  |x Anglická próza, anglicky psaná  |2 Konspekt 
072 7 |a 821-93  |x Literatura pro děti a mládež (beletrie)  |2 Konspekt 
080 |a 821.111-31  |2 MRF 
080 |a 821-93  |2 MRF 
080 |a (0:82-312.9)  |2 MRF 
100 1 |a Hunter, Erin  |7 mzk2006363422  |4 aut 
240 1 0 |a Eclipse.  |l Česky 
245 1 0 |a Kočičí válečníci :  |b síla tří.  |p Zatmění slunce /  |c Erin Hunterová ; přeložila Beata Krenželoková 
246 3 |a Kočičí válečníci: Síla tří 
246 3 0 |a Síla tří 
246 3 0 |a Zatmění slunce 
250 |a 1. vydání 
264 1 |a V Praze :  |b Albatros,  |c 2024 
300 |a 312 stran ;  |c 21 cm 
336 |a text  |b txt  |2 rdacontent 
337 |a bez média  |b n  |2 rdamedia 
338 |a svazek  |b nc  |2 rdacarrier 
500 |a Přeloženo z angličtiny 
500 |a Na hřbetu označení: 4 
520 2 |a Další díl fantasy řady, kde hlavními hrdiny jsou divoké kočky ze čtyř klanů.  |b Budoucnost potomků Ohnivého měsíce je nejistá; tíží je tajemná věštba, jež předpovídá, že jednou budou mít nevídanou moc. Pak na les padne temný stín a tajemný cizinec varuje klany před dalšími problémy, které přijdou. Poprvé se zdá, že Hvězdný klan ztrácí svoji moc a nemá odpovědi, které kočky potřebují. Nakladatelská anotace. 
521 8 |a Pro čtenáře od 9 let 
655 7 |a anglické romány  |7 fd131814  |2 czenas 
655 7 |a fantasy romány  |7 fd184199  |2 czenas 
655 7 |a publikace pro děti  |7 fd133156  |2 czenas 
655 9 |a English fiction  |2 eczenas 
655 9 |a fantasy novels  |2 eczenas 
655 9 |a children's literature  |2 eczenas 
700 1 |a Krenželoková, Beata,  |d 1995-  |7 xx0243991  |4 trl 
765 0 |t Warriors: Power of three 
787 0 8 |i Z cyklu:  |t Kočičí válečníci: Síla tří  |g 4 
900 |a ABA001  |b 20 
928 9 |a Albatros Media - Albatros 
044 |a xr 
910 |a RBIT002 
998 |d 416397  |a https://core.palmknihy.cz/api/books/416397/cover?sny3kf  |b https://core.palmknihy.cz/api/books/416397/cover/400?sny3kf  |c https://core.palmknihy.cz/api/books/416397/cover/50?sny3kf  |e 2028-11-08  |g 320  |i 9788000075624  |j https://core.palmknihy.cz/api/books/416397/preview.epub  |k https://core.palmknihy.cz/api/books/416397/preview.pdf  |l   |q 49  |r 1  |s https://www.palmknihy.cz/kniha/416397  |t ebook  |y 2024  |z 0 
999 |d 312588